Irodaházak környezetvédelmi fejlesztései - Elektromos autótöltő kiépítése

Bibliographic Details
Main Author: Dvoják Dóra
Other Authors: Kruppa Dr. Éva
Format: Final Paper
Kulcsszavak:Elektromos autók
Irodaház
Környezetvédelem
Fenntartható fejlődés
Online Access:http://dolgozattar.uni-bge.hu/16000

MARC

LEADER 00000nta a2200000 i 4500
001 dolg16000
005 20200505095711.0
008 180510suuuu hu o 000 hun d
040 |a BGE Dolgozattár Repozitórium  |b hun 
041 |a hu 
100 1 |a Dvoják Dóra 
245 1 0 |a Irodaházak környezetvédelmi fejlesztései - Elektromos autótöltő kiépítése  |c Dvoják Dóra  |h [elektronikus dokumentum] 
516 |a Final_paper 
695 |a Elektromos autók 
695 |a Irodaház 
695 |a Környezetvédelem 
695 |a Fenntartható fejlődés 
700 1 |a Kruppa Dr. Éva  |e ths 
856 4 0 |u http://dolgozattar.uni-bge.hu/16000/1/Dvoj%C3%A1k%20D%C3%B3ra_Szakdolgozat_FOSZKNGEU_2018_V%C3%89GLEGES.pdf  |z Dokumentum-elérés